[Event "MCRE_CF19"]
[Site "?"]
[Date "2008.??.??"]
[Round "?"]
[White "Svoboda, Frantisek"]
[Black "Novak, Vaclav"]
[Result "1-0"]
[WhiteElo "2176"]
[BlackElo "2001"]
[PlyCount "37"]
[EventDate "2008.??.??"]
[EventType "corr"]
[EventRounds "2"]
[SourceDate "2008.05.07"]

1. e4 g6 2. d4 Bg7 3. Nf3 d6 4. Nc3 Nf6 5. Be2 O-O 6. O-O c6 7. Be3 b5 8. a3
Bb7 9. Qd2 Nbd7 10. e5 dxe5 11. dxe5 Ne8 12. Rad1 Bc8 13. e6 fxe6 14. Ng5 Nc7
15. Bg4 Rf5 16. Rfe1 Qe8 17. Bxf5 exf5 18. Bf4 e5 19. Qd6 1-0

[Event "MCRE_CF19"]
[Site "?"]
[Date "2008.??.??"]
[Round "?"]
[White "Nigrin, Jiri"]
[Black "Svoboda, Frantisek"]
[Result "0-1"]
[WhiteElo "2029"]
[BlackElo "2176"]
[PlyCount "62"]
[EventDate "2008.??.??"]
[EventType "corr"]
[EventRounds "2"]
[SourceDate "2008.05.07"]

1. e4 c5 2. f4 d5 3. exd5 Nf6 4. Nc3 Nxd5 5. Nf3 Nc6 6. Bb5 e6 7. O-O Be7 8.
Nxd5 exd5 9. Ne5 Qc7 10. Re1 O-O 11. Nxc6 Bh4 12. Nxa7 Bxe1 13. Nxc8 Bh4 14.
Bd7 Ra6 15. Qg4 Bf6 16. c3 h5 17. Qh3 Rd8 18. Bf5 g6 19. Qg3 h4 20. Qg4 Kf8 21.
Bc2 Rxc8 22. f5 Qe5 23. Qf3 Bg5 24. Qf1 Rf6 25. b3 Re8 26. d4 Be3+ 27. Kh1 cxd4
28. cxd4 Qxd4 29. Bxe3 Rxe3 30. Rd1 Qb2 31. Bb1 gxf5 0-1

[Event "MCRE_CF19"]
[Site "?"]
[Date "2008.??.??"]
[Round "?"]
[White "Novak, Vaclav"]
[Black "Svoboda, Frantisek"]
[Result "0-1"]
[WhiteElo "2001"]
[BlackElo "2176"]
[PlyCount "42"]
[EventDate "2008.??.??"]
[EventType "corr"]
[EventRounds "2"]
[SourceDate "2008.05.07"]

1. b3 Nf6 2. Bb2 d5 3. Nf3 g6 4. e3 Bg7 5. d4 O-O 6. h4 c5 7. Nbd2 Qa5 8. Bd3
cxd4 9. exd4 Nh5 10. g3 Nc6 11. c3 Qc7 12. Qc2 Bh6 13. O-O-O Bg4 14. Kb1 Rfc8
15. Rde1 Qd6 16. Ne5 Nb4 17. Nxg4 Nxc2 18. Nxh6+ Kg7 19. Nf5+ gxf5 20. Bxc2 e6
21. Rhg1 Nf6 0-1

[Event "MCRE_CF19"]
[Site "?"]
[Date "2008.??.??"]
[Round "?"]
[White "Nigrin, Jiri"]
[Black "Stika, Vaclav"]
[Result "1/2-1/2"]
[WhiteElo "2029"]
[BlackElo "2113"]
[PlyCount "54"]
[EventDate "2008.??.??"]
[EventType "corr"]
[EventRounds "2"]
[SourceDate "2008.05.07"]

1. e4 e5 2. Nf3 Nc6 3. Bb5 Nf6 4. O-O Nxe4 5. d4 Nd6 6. Bxc6 dxc6 7. dxe5 Nf5
8. Qxd8+ Kxd8 9. b3 Be7 10. Rd1+ Ke8 11. c4 Nh4 12. Nxh4 Bxh4 13. Be3 Be7 14.
Nc3 Bf5 15. f3 Ba3 16. Na4 b6 17. Bg5 a6 18. Bc1 Be7 19. Be3 f6 20. exf6 Bxf6
21. Bd4 Kf7 22. Bxf6 Kxf6 23. Rd4 Rad8 24. Rad1 Rxd4 25. Rxd4 c5 26. Rd1 Ke7
27. Nc3 c6 1/2-1/2

[Event "MCRE_CF19"]
[Site "?"]
[Date "2008.??.??"]
[Round "?"]
[White "Stika, Vaclav"]
[Black "Nigrin, Jiri"]
[Result "1/2-1/2"]
[WhiteElo "2113"]
[BlackElo "2029"]
[PlyCount "55"]
[EventDate "2008.??.??"]
[EventType "corr"]
[EventRounds "2"]
[SourceDate "2008.05.07"]

1. d4 Nf6 2. c4 g6 3. Nc3 d5 4. cxd5 Nxd5 5. e4 Nxc3 6. bxc3 c5 7. Nf3 Bg7 8.
Rb1 O-O 9. Be2 Qa5 10. Qd2 b6 11. O-O Ba6 12. Bxa6 Nxa6 13. Qe2 e6 14. Rb3 Nc7
15. Bf4 Rac8 16. Ne5 Bxe5 17. Bxe5 cxd4 18. cxd4 f6 19. Bf4 Rfd8 20. Qb2 Qa6
21. Re1 Ne8 22. Ra3 Qb7 23. Qb3 Qf7 24. Qb4 Rd7 25. Rc3 Rdd8 26. Bh6 Rxc3 27.
Qxc3 g5 28. e5 1/2-1/2

[Event "MCRE_CF19"]
[Site "?"]
[Date "2008.??.??"]
[Round "?"]
[White "Voracek, Miroslav"]
[Black "Novak, Vaclav"]
[Result "1-0"]
[WhiteElo "2033"]
[BlackElo "2001"]
[PlyCount "37"]
[EventDate "2008.??.??"]
[EventType "corr"]
[EventRounds "2"]
[SourceDate "2008.05.07"]

1. e4 g6 2. d4 Bg7 3. Nc3 d6 4. Be3 Nf6 5. Qd2 c6 6. Bh6 Bxh6 7. Qxh6 Qa5 8.
Bd3 Na6 9. Nge2 Nb4 10. O-O Nxd3 11. cxd3 Bd7 12. h3 g5 13. b4 Qxb4 14. e5 Nd5
15. Nxd5 cxd5 16. Rfb1 Qd2 17. exd6 O-O-O 18. dxe7 Qxe2 19. Rc1+ 1-0

[Event "MCRE_CF19"]
[Site "?"]
[Date "2008.??.??"]
[Round "?"]
[White "Novak, Vaclav"]
[Black "Voracek, Miroslav"]
[Result "0-1"]
[WhiteElo "2001"]
[BlackElo "2033"]
[PlyCount "34"]
[EventDate "2008.??.??"]
[EventType "corr"]
[EventRounds "2"]
[SourceDate "2008.05.07"]

1. Nf3 Nf6 2. b3 g6 3. Bb2 Bg7 4. h4 d5 5. e3 c5 6. c4 d4 7. exd4 Ng4 8. Ne5 h5
9. Qf3 O-O 10. Nxg4 hxg4 11. Qg3 Nc6 12. Nc3 cxd4 13. Nd5 Bf5 14. Be2 Be5 15.
f4 gxf3 16. Qxf3 e6 17. g4 d3 0-1

[Event "MCRE_CF19"]
[Site "?"]
[Date "2008.??.??"]
[Round "?"]
[White "Necesany, Zdenek"]
[Black "Novak, Vaclav"]
[Result "1-0"]
[WhiteElo "2149"]
[BlackElo "2001"]
[PlyCount "49"]
[EventDate "2008.??.??"]
[EventType "corr"]
[EventRounds "2"]
[SourceDate "2008.05.07"]

1. e4 b6 2. d4 Bb7 3. Bd3 Nf6 4. Qe2 e6 5. f4 d5 6. e5 Ne4 7. Nf3 c5 8. c3 cxd4
9. cxd4 Bb4+ 10. Nbd2 Nxd2 11. Bxd2 Bxd2+ 12. Qxd2 Nc6 13. f5 Qe7 14. O-O O-O-O
15. Rfb1 exf5 16. b4 g6 17. Bb5 Kb8 18. a4 f6 19. Bxc6 Bxc6 20. b5 Ba8 21. a5
Rd7 22. axb6 axb6 23. exf6 Qxf6 24. Qa2 Bb7 25. Rc1 1-0

[Event "MCRE_CF19"]
[Site "?"]
[Date "2008.??.??"]
[Round "?"]
[White "Voracek, Miroslav"]
[Black "Necesany, Zdenek"]
[Result "1/2-1/2"]
[WhiteElo "2033"]
[BlackElo "2149"]
[PlyCount "59"]
[EventDate "2008.??.??"]
[EventType "corr"]
[EventRounds "2"]
[SourceDate "2008.05.07"]

1. e4 e5 2. Nf3 Nc6 3. Bb5 Nf6 4. O-O Nxe4 5. d4 Be7 6. Qe2 Nd6 7. Bxc6 bxc6 8.
dxe5 Nb7 9. Nc3 O-O 10. Re1 Nc5 11. Ne4 Ne6 12. Be3 d5 13. Rad1 Bb7 14. c3 c5
15. Ng3 f5 16. exf6 Bxf6 17. Ne4 d4 18. Nxf6+ Rxf6 19. cxd4 Bxf3 20. gxf3 Qd5
21. dxc5 Qxa2 22. Bd4 Nxd4 23. Rxd4 Raf8 24. Rd7 Rxf3 25. b4 Qb3 26. Qd1 Qxb4
27. Ree7 Qg4+ 28. Kh1 c6 29. Rxa7 Rg3 30. Rxg7+ 1/2-1/2

[Event "MCRE_CF19"]
[Site "?"]
[Date "2008.??.??"]
[Round "?"]
[White "Necesany, Zdenek"]
[Black "Voracek, Miroslav"]
[Result "1-0"]
[WhiteElo "2149"]
[BlackElo "2033"]
[PlyCount "63"]
[EventDate "2008.??.??"]
[EventType "corr"]
[EventRounds "2"]
[SourceDate "2008.05.07"]

1. e4 c5 2. Nf3 Nc6 3. d4 cxd4 4. Nxd4 Nf6 5. Nc3 e5 6. Ndb5 d6 7. Bg5 a6 8.
Na3 b5 9. Bxf6 gxf6 10. Nd5 Bg7 11. c3 f5 12. exf5 Bxf5 13. Nc2 O-O 14. Nce3
Be6 15. g3 Rb8 16. Bg2 f5 17. Qh5 Rf7 18. g4 fxg4 19. Be4 b4 20. Qxh7+ Kf8 21.
Qg6 Qd7 22. c4 Nd4 23. Rg1 b3 24. Nxg4 Qa4 25. Nge3 bxa2 26. Nc3 Qb4 27. Rxa2
Rc8 28. h4 Rcc7 29. h5 Rf6 30. Qg5 Rcf7 31. Rxa6 Ke7 32. Qxg7 1-0

[Event "MCRE_CF19"]
[Site "?"]
[Date "2008.??.??"]
[Round "?"]
[White "Stika, Vaclav"]
[Black "Svoboda, Frantisek"]
[Result "1-0"]
[WhiteElo "2113"]
[BlackElo "2176"]
[PlyCount "97"]
[EventDate "2008.??.??"]
[EventType "corr"]
[EventRounds "2"]
[SourceDate "2008.05.07"]

1. d4 Nf6 2. c4 g6 3. Nc3 d5 4. cxd5 Nxd5 5. e4 Nxc3 6. bxc3 Bg7 7. Nf3 c5 8.
Rb1 O-O 9. Be2 Nc6 10. d5 Bxc3+ 11. Bd2 Bxd2+ 12. Qxd2 Na5 13. h4 Bg4 14. h5
Bxf3 15. gxf3 e5 16. hxg6 fxg6 17. d6 b6 18. Qd5+ Kg7 19. Qxe5+ Qf6 20. Qh2 h5
21. Qg3 Nc6 22. Rxh5 Rh8 23. e5 Qe6 24. f4 Rxh5 25. Bxh5 Rh8 26. Bf3 Qxa2 27.
Rd1 Nd4 28. Rxd4 cxd4 29. Be4 Qa1+ 30. Ke2 Qb2+ 31. Kf3 Rh6 32. Qg4 Qc1 33.
Qd7+ Kh8 34. Bd3 Qh1+ 35. Ke2 Qh5+ 36. Kd2 Qf3 37. Kc2 Qxf2+ 38. Kb3 Qd2 39.
Qc8+ Kg7 40. Qc7+ Kh8 41. Qb8+ Kg7 42. Qxa7+ Kh8 43. Qb8+ Kg7 44. Qc7+ Kh8 45.
Qc2 Qa5 46. Qc8+ Kg7 47. Qc7+ Kh8 48. f5 Qa8 49. fxg6 1-0

[Event "MCRE_CF19"]
[Site "?"]
[Date "2008.??.??"]
[Round "?"]
[White "Svoboda, Frantisek"]
[Black "Necesany, Zdenek"]
[Result "1-0"]
[WhiteElo "2176"]
[BlackElo "2149"]
[PlyCount "83"]
[EventDate "2008.??.??"]
[EventType "corr"]
[EventRounds "2"]
[SourceDate "2008.05.07"]

1. e4 c5 2. Nf3 e6 3. d4 cxd4 4. Nxd4 Nc6 5. Nc3 Qc7 6. Ndb5 Qb8 7. Be2 Nf6 8.
O-O a6 9. Nd4 Be7 10. Be3 d6 11. Qe1 Bd7 12. f4 O-O 13. Qg3 Bd8 14. Rad1 b5 15.
a3 Ba5 16. Bf3 Rc8 17. Kh1 Bxc3 18. bxc3 e5 19. fxe5 Nxe5 20. Nf5 Bxf5 21. exf5
Nxf3 22. Bh6 Nh5 23. Qxf3 Rc4 24. Qxh5 gxh6 25. Qxh6 Qf8 26. Qd2 Rac8 27. Rf3
Re4 28. h3 Kh8 29. f6 Re6 30. Qf4 Rc4 31. Rd4 d5 32. Re3 h6 33. Rxc4 dxc4 34.
Rxe6 fxe6 35. Qe5 Qf7 36. Kh2 Kg8 37. g4 Kh7 38. h4 Qa7 39. Qe4+ Kh8 40. Kh3
Qf7 41. Qe5 Kg8 42. g5 1-0

[Event "MCRE_CF19"]
[Site "?"]
[Date "2008.??.??"]
[Round "?"]
[White "Necesany, Zdenek"]
[Black "Svoboda, Frantisek"]
[Result "1-0"]
[WhiteElo "2149"]
[BlackElo "2176"]
[PlyCount "97"]
[EventDate "2008.??.??"]
[EventType "corr"]
[EventRounds "2"]
[SourceDate "2008.05.07"]

1. d4 Nf6 2. c4 g6 3. Nc3 d5 4. cxd5 Nxd5 5. e4 Nxc3 6. bxc3 Bg7 7. Bc4 c5 8.
Ne2 Nc6 9. Be3 O-O 10. O-O Qc7 11. Rc1 Rd8 12. Bf4 Be5 13. Bxe5 Nxe5 14. Bb3 c4
15. Bc2 Ng4 16. Ng3 e5 17. d5 Rd6 18. Qd2 Bd7 19. h3 Nf6 20. f4 Ra6 21. Bb1 Re8
22. Rf3 Kg7 23. Rcf1 h6 24. fxe5 Qxe5 25. Qd4 Rb6 26. a3 h5 27. Qd2 Re7 28. Qf2
Be8 29. Bc2 Nh7 30. Ne2 f5 31. Re3 Rb2 32. Nd4 fxe4 33. Qh4 Nf6 34. Rg3 Bd7 35.
Rg5 Qd6 36. Ne6+ Rxe6 37. dxe6 Qxe6 38. Qg3 Be8 39. Rgf5 Nd7 40. R5f2 Qe5 41.
Qxe5+ Nxe5 42. Bxe4 Rb3 43. Bd5 Bc6 44. Bxc6 Nxc6 45. Rf7+ Kh6 46. Re1 Rxc3 47.
h4 Rd3 48. Re8 Rd8 49. Rxd8 1-0

[Event "MCRE_CF19"]
[Site "?"]
[Date "2008.??.??"]
[Round "?"]
[White "Svoboda, Frantisek"]
[Black "Bednarik, Radovan"]
[Result "1-0"]
[WhiteElo "2176"]
[BlackElo "2112"]
[PlyCount "79"]
[EventDate "2008.??.??"]
[EventType "corr"]
[EventRounds "2"]
[SourceDate "2008.05.07"]

1. e4 c5 2. Nf3 e6 3. d4 cxd4 4. Nxd4 a6 5. Nc3 Qc7 6. Be2 b5 7. O-O Bb7 8. Re1
Nc6 9. Nxc6 dxc6 10. Bd3 Bd6 11. e5 Bxe5 12. Qh5 Bxc3 13. bxc3 Ne7 14. Rxe6 g6
15. Qe5 Qxe5 16. Rxe5 f6 17. Re2 Kf7 18. a4 Rhe8 19. Bd2 bxa4 20. Rxa4 Bc8 21.
Re1 Rd8 22. Rae4 Ng8 23. g4 a5 24. Bc4+ Kg7 25. Be3 h5 26. Bb6 Rf8 27. f3 hxg4
28. fxg4 a4 29. Rd4 Ba6 30. Bc5 Rfb8 31. Ba2 Bb5 32. Rd7+ Kh6 33. h4 Rd8 34.
Rf7 g5 35. h5 Ba6 36. Be6 Bc8 37. Bf8+ Rxf8 38. Rxf8 Bxe6 39. Rxa8 Bxg4 40.
Rxg8 1-0

[Event "MCRE_CF19"]
[Site "?"]
[Date "2008.??.??"]
[Round "?"]
[White "Novak, Vaclav"]
[Black "Necesany, Zdenek"]
[Result "0-1"]
[WhiteElo "2001"]
[BlackElo "2149"]
[PlyCount "54"]
[EventDate "2008.??.??"]
[EventType "corr"]
[EventRounds "2"]
[SourceDate "2008.05.07"]

1. b3 e5 2. Bb2 Nc6 3. e3 Nf6 4. Bb5 Bd6 5. Nh3 Ne7 6. f4 Ng6 7. O-O O-O 8. d4
exf4 9. Nxf4 Nxf4 10. exf4 c6 11. Bd3 Bc7 12. c4 d5 13. Nd2 Re8 14. h3 Qe7 15.
Qf3 Ba5 16. Rad1 Ne4 17. Bxe4 dxe4 18. Qe3 f5 19. a3 Be6 20. b4 Bb6 21. c5 Bc7
22. Rde1 a5 23. Qc3 axb4 24. axb4 Qf7 25. Re3 Bd5 26. Rg3 Ra2 27. Re3 g5 0-1

[Event "MCRE_CF19"]
[Site "?"]
[Date "2008.??.??"]
[Round "?"]
[White "Svoboda, Frantisek"]
[Black "Nigrin, Jiri"]
[Result "1-0"]
[WhiteElo "2176"]
[BlackElo "2029"]
[PlyCount "129"]
[EventDate "2008.??.??"]
[EventType "corr"]
[EventRounds "2"]
[SourceDate "2008.05.07"]

1. e4 c5 2. Nf3 Nc6 3. d4 cxd4 4. Nxd4 Nf6 5. Nc3 e5 6. Ndb5 d6 7. Bg5 a6 8.
Na3 b5 9. Bxf6 gxf6 10. Nd5 Bg7 11. Bd3 Ne7 12. Nxe7 Qxe7 13. c4 f5 14. O-O O-O
15. Qf3 bxc4 16. Nxc4 d5 17. exd5 e4 18. Qe3 Bb7 19. d6 Qf6 20. Bc2 f4 21. Qh3
Rac8 22. b3 Rcd8 23. Rad1 Qc3 24. Qxc3 Bxc3 25. Rc1 Bb4 26. Rfd1 e3 27. Bd3
Rfe8 28. fxe3 fxe3 29. Be2 Re6 30. d7 Kf8 31. a3 Be7 32. Na5 Be4 33. Rc8 Rg6
34. g3 Bf5 35. Bh5 Rb6 36. Rxd8+ Bxd8 37. Bf3 Rf6 38. Nb7 e2 39. Bxe2 Bb6+ 40.
Kg2 Bxd7 41. Rxd7 Rf2+ 42. Kh3 Rxe2 43. Nd6 Bg1 44. Rxf7+ Kg8 45. Rc7 Rxh2+ 46.
Kg4 Ra2 47. a4 Rb2 48. Rb7 Bf2 49. Ne4 Bd4 50. Ng5 Bc3 51. Nxh7 Rd2 52. Ng5
Rd4+ 53. Kh3 Rd3 54. Ne4 Be5 55. Kg4 Re3 56. Kf5 Bxg3 57. Nxg3 Rxg3 58. a5 Kf8
59. Ke6 Re3+ 60. Kd6 Ke8 61. b4 Rc3 62. Rb8+ Kf7 63. Rb6 Rc4 64. Kd5 Rf4 65.
Kc6 1-0

[Event "MCRE_CF19"]
[Site "?"]
[Date "2008.??.??"]
[Round "?"]
[White "Voracek, Miroslav"]
[Black "Nigrin, Jiri"]
[Result "1/2-1/2"]
[WhiteElo "2033"]
[BlackElo "2029"]
[PlyCount "83"]
[EventDate "2008.??.??"]
[EventType "corr"]
[EventRounds "2"]
[SourceDate "2008.05.07"]

1. e4 c5 2. Nf3 d6 3. d4 cxd4 4. Nxd4 Nf6 5. Nc3 a6 6. Be3 g6 7. f3 Bg7 8. Qd2
Nc6 9. O-O-O Nxd4 10. Bxd4 Be6 11. g4 O-O 12. h4 h5 13. g5 Nd7 14. Bxg7 Kxg7
15. f4 Qa5 16. Kb1 Rac8 17. Qd4+ Kg8 18. Nd5 Bxd5 19. exd5 Qc5 20. Qe4 Qf2 21.
Bh3 Nc5 22. Qe1 Qxe1 23. Rhxe1 Rc7 24. f5 b5 25. Re3 b4 26. Rde1 Re8 27. Kc1 a5
28. Kd2 Kg7 29. fxg6 fxg6 30. Bf1 Rb7 31. Bc4 Kg8 32. b3 Rc7 33. Bb5 Rf8 34.
Rf1 Rxf1 35. Bxf1 Kg7 36. Bb5 Kf7 37. Bc6 Rc8 38. Re1 e6 39. dxe6+ Ke7 40. Bg2
Rf8 41. Ke3 Rf5 42. Rf1 1/2-1/2

[Event "MCRE_CF19"]
[Site "?"]
[Date "2008.??.??"]
[Round "?"]
[White "Nigrin, Jiri"]
[Black "Novak, Vaclav"]
[Result "1-0"]
[WhiteElo "2029"]
[BlackElo "2001"]
[PlyCount "53"]
[EventDate "2008.??.??"]
[EventType "corr"]
[EventRounds "2"]
[SourceDate "2008.05.07"]

1. e4 b6 2. d4 Bb7 3. Bd3 e6 4. Nf3 Nf6 5. e5 Ne4 6. Nbd2 d5 7. O-O c5 8. Re1
Nxd2 9. Qxd2 Nc6 10. c3 Qc7 11. Qf4 h6 12. Bd2 O-O-O 13. h4 g6 14. dxc5 bxc5
15. b4 g5 16. hxg5 hxg5 17. Nxg5 Bh6 18. b5 Bxg5 19. Qxg5 Ne7 20. Qg4 Rdg8 21.
Bg5 Kb8 22. Rac1 c4 23. Bb1 d4 24. cxd4 Rxg5 25. Qxg5 Rg8 26. Qh4 Bxg2 27. Bh7
1-0

[Event "MCRE_CF19"]
[Site "?"]
[Date "2008.??.??"]
[Round "?"]
[White "Novak, Vaclav"]
[Black "Nigrin, Jiri"]
[Result "0-1"]
[WhiteElo "2001"]
[BlackElo "2029"]
[PlyCount "54"]
[EventDate "2008.??.??"]
[EventType "corr"]
[EventRounds "2"]
[SourceDate "2008.05.07"]

1. b3 e5 2. Bb2 Nc6 3. e3 Nf6 4. Bb5 d6 5. Ne2 g6 6. f4 Bg7 7. O-O O-O 8. Bxc6
bxc6 9. Nbc3 Rb8 10. fxe5 dxe5 11. e4 Qd6 12. Qe1 Rd8 13. d3 Be6 14. h3 Nd7 15.
Qf2 a5 16. a4 Qc5 17. Ba3 Qxf2+ 18. Rxf2 f5 19. Raf1 f4 20. Nb1 Rb7 21. Nd2 Bf6
22. Nf3 c5 23. Kh2 h6 24. g3 g5 25. Rg2 Kf7 26. Bc1 Ra7 27. Nc3 c6 0-1

[Event "MCRE_CF19"]
[Site "?"]
[Date "2008.??.??"]
[Round "?"]
[White "Nigrin, Jiri"]
[Black "Necesany, Zdenek"]
[Result "1/2-1/2"]
[WhiteElo "2029"]
[BlackElo "2149"]
[PlyCount "95"]
[EventDate "2008.??.??"]
[EventType "corr"]
[EventRounds "2"]
[SourceDate "2008.05.07"]

1. e4 e5 2. Nf3 Nc6 3. Bb5 Nf6 4. O-O Nxe4 5. d4 Nd6 6. Bxc6 dxc6 7. dxe5 Nf5
8. Qxd8+ Kxd8 9. b3 Bd7 10. Nc3 Be7 11. Rd1 Kc8 12. h3 h6 13. Bb2 Rd8 14. g4
Nh4 15. Nxh4 Bxh4 16. Ne2 h5 17. f3 a5 18. Kg2 c5 19. gxh5 Ra6 20. Nf4 Rh6 21.
Rd5 b6 22. Rad1 Bf5 23. Rxd8+ Bxd8 24. Rg1 Bg5 25. Kg3 Bxc2 26. h4 Bxf4+ 27.
Kxf4 Rxh5 28. Rxg7 Rxh4+ 29. Kg5 Rh2 30. Rxf7 Bb1 31. Rf8+ Kd7 32. Kf6 Rh6+ 33.
Kg7 Rh2 34. Kf6 Rxb2 35. e6+ Kc6 36. e7 Re2 37. a3 Ba2 38. e8=Q+ Rxe8 39. Rxe8
Bxb3 40. Ke5 Kb7 41. Ke4 b5 42. Kd3 b4 43. axb4 cxb4 44. Kd4 Ba4 45. Rd8 Bc2
46. Kc4 b3 47. Kc3 a4 48. Kb2 1/2-1/2

[Event "MCRE_CF19"]
[Site "?"]
[Date "2008.??.??"]
[Round "?"]
[White "Novak, Vaclav"]
[Black "Bednarik, Radovan"]
[Result "0-1"]
[WhiteElo "2001"]
[BlackElo "2112"]
[PlyCount "47"]
[EventDate "2008.??.??"]
[EventType "corr"]
[EventRounds "2"]
[SourceDate "2008.05.07"]

1. e4 c5 2. d3 Nc6 3. g3 Nf6 4. Bg2 e6 5. f4 d5 6. e5 Nd7 7. Nf3 Be7 8. Nc3 O-O
9. O-O Rb8 10. a4 a6 11. Qe2 Re8 12. Bd2 b6 13. Rae1 Nf8 14. g4 Ng6 15. Bh3 Bd7
16. f5 exf5 17. gxf5 Ngxe5 18. Nxe5 Bh4 19. Nxf7 Rxe2 20. Nxd8 Rxd2 21. Nxc6
Bxc6 22. Re2 Rxe2 23. Nxe2 d4 24. Nxd4 0-1

[Event "MCRE_CF19"]
[Site "?"]
[Date "2008.??.??"]
[Round "?"]
[White "Bednarik, Radovan"]
[Black "Novak, Vaclav"]
[Result "1-0"]
[WhiteElo "2112"]
[BlackElo "2001"]
[PlyCount "49"]
[EventDate "2008.??.??"]
[EventType "corr"]
[EventRounds "2"]
[SourceDate "2008.05.07"]

1. d4 b6 2. c4 Bb7 3. Nc3 Nf6 4. Qc2 e6 5. e4 Bb4 6. Bd3 Nc6 7. Nf3 Qe7 8. e5
Ng4 9. O-O Bxc3 10. Qxc3 O-O-O 11. h3 h5 12. Re1 Nh6 13. d5 Nb8 14. Bg5 Qf8 15.
Bxd8 Qxd8 16. Nd4 a6 17. b4 Qh4 18. a4 exd5 19. c5 Nc6 20. Nxc6 dxc6 21. cxb6
cxb6 22. Bxa6 Bxa6 23. Qxc6+ Kb8 24. b5 Bb7 25. Qd6+ 1-0

[Event "MCRE_CF19"]
[Site "?"]
[Date "2008.??.??"]
[Round "?"]
[White "Stika, Vaclav"]
[Black "Novak, Vaclav"]
[Result "1-0"]
[WhiteElo "2113"]
[BlackElo "2001"]
[PlyCount "55"]
[EventDate "2008.??.??"]
[EventType "corr"]
[EventRounds "2"]
[SourceDate "2008.05.07"]

1. e4 g6 2. d4 Bg7 3. Nf3 d6 4. Bc4 Nf6 5. Qe2 O-O 6. Nc3 c6 7. e5 dxe5 8. dxe5
Nd5 9. Bd2 Bg4 10. O-O-O Nd7 11. Nxd5 cxd5 12. Bxd5 Bxe5 13. Bh6 Qb6 14. c3 Bg7
15. Bxg7 Kxg7 16. h3 Bxf3 17. Bxf3 Nf6 18. Qxe7 Rac8 19. Qxb7 Qxf2 20. Qb4 Rb8
21. Rd2 Qe3 22. Qd4 Qh6 23. c4 Rbc8 24. Rf1 Rfd8 25. Bd5 Rxc4+ 26. Qxc4 Rxd5
27. Qf4 g5 28. Qe3 1-0

[Event "MCRE_CF19"]
[Site "?"]
[Date "2008.??.??"]
[Round "?"]
[White "Novak, Vaclav"]
[Black "Stika, Vaclav"]
[Result "0-1"]
[WhiteElo "2001"]
[BlackElo "2113"]
[PlyCount "52"]
[EventDate "2008.??.??"]
[EventType "corr"]
[EventRounds "2"]
[SourceDate "2008.05.07"]

1. Nf3 c5 2. b3 d5 3. Bb2 Nf6 4. e3 e6 5. d4 Nc6 6. Be2 cxd4 7. exd4 Bd6 8. O-O
O-O 9. Nbd2 Qc7 10. c4 Bd7 11. c5 Be7 12. a3 Ng4 13. h3 Nh6 14. b4 Bf6 15. Qc2
Nf5 16. Nb3 a5 17. g4 Ng3 18. b5 a4 19. Nc1 Nxe2+ 20. Nxe2 Na5 21. b6 Qd8 22.
Nc3 Re8 23. Rfe1 Nc4 24. Bc1 g5 25. Rb1 Ra5 26. Rb4 h6 0-1

[Event "MCRE_CF19"]
[Site "?"]
[Date "2008.??.??"]
[Round "?"]
[White "Stika, Vaclav"]
[Black "Necesany, Zdenek"]
[Result "1-0"]
[WhiteElo "2113"]
[BlackElo "2149"]
[PlyCount "89"]
[EventDate "2008.??.??"]
[EventType "corr"]
[EventRounds "2"]
[SourceDate "2008.05.07"]

1. e4 e5 2. Nf3 Nc6 3. Bb5 a6 4. Ba4 Nf6 5. O-O Be7 6. Re1 b5 7. Bb3 d6 8. c3
O-O 9. h3 Na5 10. Bc2 c5 11. d4 Qc7 12. Nbd2 Rd8 13. d5 c4 14. Nf1 Nb7 15. Ng3
Nc5 16. Be3 a5 17. Nd2 Ba6 18. Nf5 Bf8 19. Bg5 Ncd7 20. Qf3 Rdb8 21. Qg3 g6 22.
Nh6+ Kg7 23. Rf1 Ng8 24. Ng4 b4 25. Ba4 f6 26. Be3 bxc3 27. bxc3 h5 28. Nh2 Ne7
29. Bxd7 Qxd7 30. f4 Ng8 31. Nhf3 Kh7 32. Rf2 Bh6 33. Nh4 Qe8 34. fxe5 Bxe3 35.
Qxe3 Qxe5 36. Nhf3 Qe7 37. Nd4 Rb2 38. g4 g5 39. gxh5 Re8 40. Nf5 Qd7 41. Raf1
a4 42. h4 gxh4 43. Rg2 Re7 44. Kh1 Qa7 45. Qf4 1-0

[Event "MCRE_CF19"]
[Site "?"]
[Date "2008.??.??"]
[Round "?"]
[White "Nigrin, Jiri"]
[Black "Voracek, Miroslav"]
[Result "1-0"]
[WhiteElo "2029"]
[BlackElo "2033"]
[PlyCount "107"]
[EventDate "2008.??.??"]
[EventType "corr"]
[EventRounds "2"]
[SourceDate "2008.05.07"]

1. d4 Nf6 2. c4 g6 3. Nc3 d5 4. cxd5 Nxd5 5. e4 Nxc3 6. bxc3 Bg7 7. Bc4 c5 8.
Ne2 Nc6 9. Be3 O-O 10. O-O Bg4 11. f3 Na5 12. Bxf7+ Rxf7 13. fxg4 Rxf1+ 14.
Kxf1 Qd6 15. Kg1 Qe6 16. Qd3 Qc4 17. Qxc4+ Nxc4 18. Bf2 cxd4 19. cxd4 e5 20. d5
Bh6 21. h4 Bd2 22. Rd1 b5 23. g5 a5 24. Nc1 Rc8 25. Nd3 Bc3 26. Be1 Bd4+ 27.
Kh2 Nd6 28. Bxa5 Nxe4 29. Rb1 Nd6 30. Bb4 Nc4 31. Be1 e4 32. Nb4 Ne5 33. Kg3
Rc4 34. a3 Kf7 35. Kf4 Ke7 36. Nc6+ Nxc6 37. dxc6 Kd6 38. Rxb5 Kxc6 39. Rb8 e3
40. Kf3 Kd5 41. Rb7 Ra4 42. Bb4 Ra7 43. Rxa7 Bxa7 44. Ke2 Ke4 45. a4 Kd4 46.
Bd6 Kc4 47. g3 Kb3 48. Bf4 Kxa4 49. Bxe3 Bb8 50. Bf4 Ba7 51. Kd3 Kb5 52. Ke4
Kc4 53. Ke5 Kd3 54. Kf6 1-0

[Event "MCRE_CF19"]
[Site "?"]
[Date "2008.??.??"]
[Round "?"]
[White "Svoboda, Frantisek"]
[Black "Stika, Vaclav"]
[Result "1/2-1/2"]
[WhiteElo "2176"]
[BlackElo "2113"]
[PlyCount "139"]
[EventDate "2008.??.??"]
[EventType "corr"]
[EventRounds "2"]
[SourceDate "2008.05.07"]

1. e4 e5 2. Nf3 Nc6 3. Bc4 Nf6 4. Ng5 d5 5. exd5 Na5 6. Bb5+ c6 7. dxc6 bxc6 8.
Be2 h6 9. Nf3 e4 10. Ne5 Qd4 11. f4 Bc5 12. Rf1 Qd6 13. c3 Nb7 14. b4 Bb6 15.
Na3 O-O 16. Nac4 Qc7 17. a4 a5 18. Ba3 Ba7 19. b5 cxb5 20. axb5 Re8 21. Qb1 Re6
22. Nc6 Bc5 23. N4e5 Bxa3 24. Rxa3 Re8 25. b6 Qd6 26. Ra4 Qf8 27. Qb5 Nd6 28.
Qc5 Bb7 29. Na7 e3 30. Qxe3 Qe7 31. Kd1 Bxg2 32. Rg1 Nf5 33. Qd3 Bd5 34. Rxa5
Qe6 35. Rb5 Bb7 36. Qc4 Nd5 37. Qb3 f6 38. Bf3 Nxb6 39. Bxb7 Qxb3+ 40. Rxb3
Rxa7 41. Bc6 Rd8 42. Nf3 Nc4 43. Be4 Ncd6 44. Bc2 Kf7 45. Rb4 Ra1+ 46. Ke2 Rxg1
47. Nxg1 Ra8 48. Bb3+ Ke7 49. Nf3 g5 50. fxg5 fxg5 51. Ne5 Rc8 52. Nc4 h5 53.
Nxd6 Nxd6 54. Bd5 Rf8 55. h3 Ne8 56. d4 Nf6 57. Rb7+ Kd6 58. Rb6+ Kc7 59. Rc6+
Kd7 60. Bf3 Ke7 61. Ra6 Rg8 62. Ra8 Rg6 63. Ke3 g4 64. hxg4 hxg4 65. Bg2 g3 66.
Ra7+ Kd8 67. c4 Ng4+ 68. Kf3 Rd6 69. Kf4 Rxd4+ 70. Kxg3 1/2-1/2

[Event "MCRE_CF19"]
[Site "?"]
[Date "2008.??.??"]
[Round "?"]
[White "Nigrin, Jiri"]
[Black "Bednarik, Radovan"]
[Result "1-0"]
[WhiteElo "2029"]
[BlackElo "2112"]
[PlyCount "79"]
[EventDate "2008.??.??"]
[EventType "corr"]
[EventRounds "2"]
[SourceDate "2008.05.07"]

1. d4 d5 2. c4 c6 3. Nf3 Nf6 4. Nc3 a6 5. a4 e6 6. g3 dxc4 7. Bg2 c5 8. dxc5
Qxd1+ 9. Nxd1 Bxc5 10. Ne5 Nd5 11. Ne3 Nc6 12. Nxc6 bxc6 13. Nxc4 Rb8 14. O-O
f6 15. Rd1 Rb4 16. Na5 Bd7 17. e4 Ne7 18. b3 Rb8 19. Bh3 Bc8 20. Ra2 Bb4 21.
Bd2 Kf7 22. Bxb4 Rxb4 23. f3 h5 24. Bf1 g5 25. Bc4 Kg7 26. Rd6 e5 27. Rad2 Rb6
28. Be6 g4 29. Bxc8 Rxc8 30. Rd7 Kf8 31. R2d6 Ke8 32. Ra7 Rd8 33. Rxf6 Rd7 34.
Ra8+ Rd8 35. Rxd8+ Kxd8 36. Re6 Kd7 37. Rxe5 gxf3 38. Kf2 h4 39. gxh4 Ng6 40.
Kg3 1-0